000 00225nam a2200097Ia 4500
008 120527s9999 xx 000 0 und d
100 _aBURNS,Timothy.
245 _aAfter History ?
260 _bLittlefield Adams.
942 _cBK
999 _c23876
_d23876